书目信息 |
| 题名: |
通信专业实务
|
|
| 作者: | 毛京丽 主编 ;工业和信息化部教育与考试中心 组编 | |
| 分册: | 传输与接入 | |
| 出版信息: | 北京 人民邮电出版社 2018 |
|
| 页数: | 292页 | |
| 开本: | 26cm | |
| 丛书名: | 全国通信专业技术人员职业水平考试用书 | |
| 单 册: | ||
| 中图分类: | TN914-42 , TN915.6-42 | |
| 科图分类: | ||
| 主题词: | 通信技术--tong xin ji shu--水平考试--自学参考资料 , 通信传输系统--tong xin chuan shu xi tong--水平考试--自学参考资料 , 接入网--jie ru wang--水平考试--自学参考资料 | |
| 电子资源: | ||
| ISBN: | 978-7-115-48601-1 | |
| 000 | 01681nam 2200349 45 | |
| 001 | 012001000541 | |
| 005 | 20131106112833.0 | |
| 010 | @a978-7-115-48601-1@dCNY69.80 | |
| 092 | @aCN@b三新科技1847期现货-0354 | |
| 099 | @aCAL 012019007842 | |
| 100 | @a20190116d2018 em y0chiy50 ea | |
| 101 | 0 | @achi |
| 102 | @aCN@b110000 | |
| 105 | @aak a 000yy | |
| 106 | @ar | |
| 200 | 1 | @a通信专业实务@Atong xin zhuan ye shi wu@i传输与接入@e有线@f工业和信息化部教育与考试中心组编@g毛京丽主编 |
| 210 | @a北京@c人民邮电出版社@d2018 | |
| 215 | @a292页@c图@d26cm@e《全国通信专业技术人员职业水平考试大纲 中级 传输与接入 (有线)》1册 (19页 ; 19cm) | |
| 225 | 2 | @a全国通信专业技术人员职业水平考试用书@Aquan guo tong xin zhuan ye ji shu ren yuan zhi ye shui ping kao shi yong shu |
| 320 | @a有书目 (第291-292页) | |
| 330 | @a本书紧扣全国通信专业技术人员职业水平考试大纲, 对考生需要掌握的难点、重点、知识点进行了全面、深入的阐述。全书共分为11章, 主要包括光纤通信概述、SDH传输网、MSTP传输网、DWDM传输网、光传送网、自动交换光网络、分组传送网、IP RAN、有线接入网、光网络的测试、光网络的维护。 | |
| 410 | 0 | @12001 @a全国通信专业技术人员职业水平考试用书 |
| 517 | 1 | @a传输与接入@Achuan shu yu jie ru |
| 606 | 0 | @a通信技术@Atong xin ji shu@x水平考试@j自学参考资料 |
| 606 | 0 | @a通信传输系统@Atong xin chuan shu xi tong@x水平考试@j自学参考资料 |
| 606 | 0 | @a接入网@Ajie ru wang@x水平考试@j自学参考资料 |
| 690 | @aTN914-42@v5 | |
| 690 | @aTN915.6-42@v5 | |
| 701 | 0 | @a毛京丽@Amao jing li@4主编 |
| 711 | 02 | @a工业和信息化部教育与考试中心@Agong ye he xin xi hua bu jiao yu yu kao shi zhong xin@4组编 |
| 801 | 0 | @aCN@b北京卓展文化@c20191020 |
| 905 | @b1196338-9@dTN914-42@e200@f2 | |
| 通信专业实务.传输与接入:有线/工业和信息化部教育与考试中心组编/毛京丽主编.-北京:人民邮电出版社,2018 |
| 292页:图;26cm+《全国通信专业技术人员职业水平考试大纲 中级 传输与接入 (有线)》1册 (19页 ; 19cm).-(全国通信专业技术人员职业水平考试用书) |
| ISBN 978-7-115-48601-1:CNY69.80 |
| 本书紧扣全国通信专业技术人员职业水平考试大纲, 对考生需要掌握的难点、重点、知识点进行了全面、深入的阐述。全书共分为11章, 主要包括光纤通信概述、SDH传输网、MSTP传输网、DWDM传输网、光传送网、自动交换光网络、分组传送网、IP RAN、有线接入网、光网络的测试、光网络的维护。 |
| ● |
| 相关链接 |
|
|
|
|
正题名:通信专业实务
索取号:TN914-42/200
 
预约/预借
| 序号 | 登录号 | 条形码 | 馆藏地/架位号 | 状态 | 备注 |
| 1 | 1196338 | 211963384 | 第二样本阅览室/ [索取号:TN914-42/200] | 在馆 | |
| 2 | 1196339 | 211963393 | 第三借阅区/ [索取号:TN914-42/200] | 在馆 |